000 00469cam a2200193ua 4500
001 3091
008 110928n ii |||gr||||Z||||||asm
020 _a81-7339-106-8
040 _cMAIN
082 _a891.4513
100 _aBaruah, Prahlad Kumar,
_eAuthor.
245 1 1 _aUpanyas
_cby Prahlad Kumar Baruah
250 _a1st.
260 _aDibrugarh:
_bBanalata,995.
_aGuahati:
300 _a74p:
_c23cm.
653 _aAssamese novel
653 _aUpanyas
942 _cBK
999 _c2937
_d2937